| Tag |
First Indicator |
Second Indicator |
Subfields |
| LEADER |
00000cam a2200000 a 4500 |
| 001 |
in00001515521 |
| 005 |
20151021094744.0 |
| 008 |
931022s1991 ru b 000 0 ruso |
| 010 |
|
|
|a 93221827
|
| 035 |
|
|
|a (OCoLC)31079528
|
| 035 |
|
|
|9 AJK7008AM
|
| 040 |
|
|
|a DLC
|c DLC
|d TXA
|d UtOrBLW
|
| 049 |
|
|
|a TXAM
|
| 050 |
0 |
0 |
|a PL73
|b .S73 1991
|
| 245 |
0 |
0 |
|a Starotatarskiĭ literaturnyĭ i︠a︡zyk :
|b issledovanii︠a︡ i teksty /
|c [redkollegii︠a︡ Khakimzi︠a︡nov F.S. (otvetstvennyĭ redaktor), Abdullin I.A. (sostavitelʹ)].
|
| 264 |
|
1 |
|a Kazanʹ :
|b Akademii︠a︡ nauk SSSR, Kazanskiĭ nauch. t︠s︡entr, In-t i︠a︡zyka, lit-ry i istorii im. G. Ibragimova,
|c 1991.
|
| 300 |
|
|
|a 112 pages ;
|c 20 cm.
|
| 336 |
|
|
|a text
|b txt
|2 rdacontent
|
| 337 |
|
|
|a unmediated
|b n
|2 rdamedia
|
| 338 |
|
|
|a volume
|b nc
|2 rdacarrier
|
| 504 |
|
|
|a Includes bibliographical references.
|
| 650 |
|
0 |
|a Tatar language
|x History.
|
| 700 |
1 |
|
|a Khakimzi͡anov, F. S.
|q (Farid Sabirzi͡anovich)
|
| 700 |
1 |
|
|a Abdullin, I. A.
|q (Iskander Abdullovich)
|
| 710 |
2 |
|
|a Institut i︠a︡zyka, literatury i istorii im. G. Ibragimova.
|
| 948 |
|
|
|a c:tc
|
| 999 |
|
|
|a MARS
|
| 999 |
f |
f |
|s b88cb997-8c25-3512-aaf7-c6d64b4d88a9
|i f1564618-eb5f-3624-9f4c-acea33ab70bd
|t 0
|
| 952 |
f |
f |
|p ric
|a Texas A&M University
|b Rellis Campus
|c Joint Library Facility
|d Remote Storage
|t 0
|e PL73 .S73 1991
|h Library of Congress classification
|i unmediated -- volume
|m A14825239817
|
| 998 |
f |
f |
|a PL73 .S73 1991
|t 0
|l Remote Storage
|